101 Facts Climate Change / (Record no. 58979)

MARC details
000 -LEADER
fixed length control field 00958nam a22002177a 4500
005 - DATE AND TIME OF LATEST TRANSACTION
control field 20111205141016.0
010 ## - LCCN (DPL NO)
LC control number B-454796
020 ## - INTERNATIONAL STANDARD BOOK NUMBER
International Standard Book Number 9788179931981
Terms of availability 185.00
035 ## - SYSTEM CONTROL NUMBER
System control number B-454796
037 ## - SOURCE OF ACQUISITION
Stock number Blue Berry/Ven
Source of stock number/acquisition DPL
082 ## - DEWEY DECIMAL CLASSIFICATION NUMBER
Classification number 363.73874
100 ## - MAIN ENTRY--PERSONAL NAME
Personal name Sah, Snigdha
245 ## - TITLE STATEMENT
Title 101 Facts Climate Change /
Statement of responsibility, etc by Snigdha Sah; edited by Pallavi Sah; illustrated by Yatindra Kumar, Vijay Nipane and Neeraj Riddlan
260 ## - PUBLICATION, DISTRIBUTION, ETC. (IMPRINT)
Place of publication, distribution, etc New Delhi
Name of publisher, distributor, etc Teri Press
Date of publication, distribution, etc 2008
270 ## - ADDRESS
Address Darbari Seth Block, IHC Complex, Lodhi Road
City New Delhi
Postal code 110003
300 ## - PHYSICAL DESCRIPTION
Extent 46p.
Other physical details col.ill
Dimensions 28cm. (Hb)
490 ## - SERIES STATEMENT
Series statement 101 Facts
-- 46573
942 ## - ADDED ENTRY ELEMENTS (KOHA)
Source of classification or shelving scheme Dewey Decimal Classification
Item type Children Books
Call number suffix SAH
Classification part 363.73874
Holdings
Withdrawn status Lost status Not for loan Collection code Home library Current library Date acquired Source of acquisition Cost, normal purchase price Full call number Barcode Copy number Cost, replacement price Koha item type
      Non-fiction Sarojini Nagar Sarojini Nagar 07/05/2012 Blueberry/7182/31.10.11/7/21.3.11/30.11.11 185.00 363.73874 SAH B-454796 1 185.00 Children Books

© Delhi Public Library
Hit Counter
free hit counter